Ticho : kriminální román /
Volné pokračování detektivního románu Déšť opět ukazuje, co by zdánlivě obyčejní lidé nejraději nechali navždy zapomenuté ve sklepeních svých luxusních vil.
Uloženo v:
| Série: | Major Oldřiška Milnerová,
část 2 |
|---|---|
| Hlavní autor: | |
| Médium: | E-kniha |
| Jazyk: | Czech |
| Vydáno: |
Praha :
Euromedia Group,
2020
|
| Vydání: | Vydání první |
| Témata: | |
| Příbuzné jednotky: | Z cyklu::
Major Oldřiška Milnerová |
| Tagy: |
Žádné tagy |
| LEADER | 02302nam a2200433 i 4500 | ||
|---|---|---|---|
| 001 | 311265 | ||
| 003 | CZ PrSKC | ||
| 005 | 20260601215702.0 | ||
| 007 | ta | ||
| 008 | 200922s2020 xr g 000 f cze | ||
| 015 | |a cnb003222790 | ||
| 020 | |a 9788024267944 |q (vázáno) : |c Kč 399,00 | ||
| 035 | |a (OCoLC)1226360529 | ||
| 040 | |a ABG001 |b cze |e rda | ||
| 072 | 7 | |a 821.162.3-3 |x Česká próza |2 Konspekt | |
| 080 | |a 821.162.3-31 |2 MRF | ||
| 080 | |a (0:82-312.4) |2 MRF | ||
| 100 | 1 | |a Saudková, Sára, |d 1967- |7 xx0003366 |4 aut | |
| 245 | 1 | 0 | |a Ticho : |b kriminální román / |c Sára Saudková |
| 250 | |a Vydání první | ||
| 264 | 1 | |a Praha : |b Euromedia Group, |c 2020 | |
| 300 | |a 463 stran ; |c 22 cm | ||
| 336 | |a text |b txt |2 rdacontent | ||
| 337 | |a bez média |b n |2 rdamedia | ||
| 338 | |a svazek |b nc |2 rdacarrier | ||
| 500 | |a Na obálce uveden nakladatel: Kalibr | ||
| 520 | 2 | |a Volné pokračování detektivního románu Déšť opět ukazuje, co by zdánlivě obyčejní lidé nejraději nechali navždy zapomenuté ve sklepeních svých luxusních vil. |b Začalo to mrtvým Ukrajincem na kolejích a sbírkou ztracených existencí v zapadlé krčmě na kraji Prahy. Kostlivce ve skříni mají ovšem i příslušníci vyšších tříd, jak rychle zjistí major Oldřiška a její mordparta. Mrtvých přibývá a stopy vedou nejen k cizojazyčné mafii, ale i tam, kde se opravdu točí velké peníze - do nadnárodních právnických firem, kde je morálka jen prázdné slovo... Nakladatelská anotace. Kráceno. | |
| 655 | 7 | |a české romány |7 fd133974 |2 czenas | |
| 655 | 7 | |a detektivní romány |7 fd132010 |2 czenas | |
| 655 | 9 | |a Czech fiction |2 eczenas | |
| 655 | 9 | |a detective novels |2 eczenas | |
| 787 | 0 | 8 | |i Z cyklu: |t Major Oldřiška Milnerová |g 2 |w (CZ-CtDS)396414d6-edda-59eb-8d05-ff6b40450227 |
| 900 | |a ABA001 |b 20 | ||
| 928 | 9 | |a Euromedia Group - Kalibr | |
| 928 | 9 | |a Kalibr | |
| 044 | |a xr | ||
| 910 | |a RBIT002 | ||
| 998 | |d 264773 |a https://core.palmknihy.cz/api/books/264773/cover?sxdrf0 |b https://core.palmknihy.cz/api/books/264773/cover/400?sxdrf0 |c https://core.palmknihy.cz/api/books/264773/cover/50?sxdrf0 |e 2027-03-03 |g 464 |i 9788024267944 |j https://core.palmknihy.cz/api/books/264773/preview.epub |l |q 49 |r 1 |s https://www.palmknihy.cz/kniha/264773 |t ebook |y 2020 |z 0 | ||
| 999 | |d 311263 | ||